| 000 | 00654nam a22002417a 4500 | ||
|---|---|---|---|
| 003 | UA-OsUOA | ||
| 001 | 27659 | ||
| 007 | ta | ||
| 008 | 20040909b un ||||| |||| 00| 0 ukr d | ||
| 090 |
_a78 _bВ11 |
||
| 942 | _cBK | ||
| 040 |
_aUA-OsUOA _brus _cUA-OsUOA _dUA-OsUOA |
||
| 245 |
_aВ мире музыки _b1990: Ежегодник _cРед. -сост. Л.Григорьев Я.Платек |
||
| 300 |
_a129 с. _bІлюстрації |
||
| 955 | _a0 | ||
| 041 | _arus | ||
| 080 | _a78 | ||
| 020 | _a5-85285-060-8 | ||
| 260 |
_aМосква _bСпветский композитор _c1990 |
||
| 044 | _aRU | ||
| 650 | 7 | _2UDC | |
| 999 |
_c314009 _d314009 |
||